Permanent peace for Europe /

Bibliographic Details
Main Author: Braham, Harry Lewis
Format: Book
Language:English
Published: Boston : The Christopher Publishing House, [1944]
Subjects:

MARC

Tag First Indicator Second Indicator Subfields
LEADER 00000cam a2200000 4500
001 in00000056556
005 20151007082034.0
008 780405s1944 mau 00010 engm
010 |a  44009498  
035 |a (OCoLC)03779674 
035 |9 AAF7281AM 
040 |a DLC  |c IAR  |d IAR  |d TXA  |d UtOrBLW 
043 |a e------ 
049 |a TXAM  |c [159377] 
050 0 |a JX1954  |b .B7 
082 0 |a 321.022 
092 |a 321.022  |b B813p 
100 1 |a Braham, Harry Lewis. 
245 1 0 |a Permanent peace for Europe /  |c by Harry Lewis Braham, a contribution to a world at war, giving a complete cycle of proof that future wars can be avoided and peace permanent can be attained. 
264 1 |a Boston :  |b The Christopher Publishing House,  |c [1944] 
300 |a 192 pages ;  |c 20 cm. 
336 |a text  |b txt  |2 rdacontent 
337 |a unmediated  |b n  |2 rdamedia 
338 |a volume  |b nc  |2 rdacarrier 
650 0 |a International organization. 
651 0 |a Europe  |x Politics and government  |y 1918-1945. 
999 |a MARS 
999 f f |s 3a5c8db7-4b75-350c-a0ca-a209bf36f535  |i 236565fd-8727-39c4-819c-a3879244507a  |t 0 
952 f f |p ric  |a Texas A&M University  |b Rellis Campus  |c Joint Library Facility  |d Remote Storage  |t 0  |e JX1954 .B7  |h Library of Congress classification  |i unmediated -- volume  |m A14800661625 
998 f f |a JX1954 .B7  |t 0  |l Remote Storage